000
00295nam a22001337a 4500
008
170807b xxu||||| |||| 00| 0 eng d
020
_a
9781582780085
041
_a
eng
080
_a
004
100
_a
34
101
_a
SHKI
245
_a
QUICK COURSE FRONT PAGE 2000
_c
COX, J
942
_2
udc
_c
BK
999
_c
22827
_d
22827